Southville International School and Colleges
Your cart is empty.
  • Cart
  • Lists
    Public lists Eva Luna New books Lux_list list_1
    Your lists Log in to create your own lists
  • Log in to your account
  • Your cookies
  • Search history
Southville International School and Colleges
  • Advanced search
  • Recent comments
  • Most popular
  • Libraries

Log in to your account

Log in with GOOGLE


If you do not have an external account, but do have a local account, you can still log in:

  1. Home
  2. MARC view: Cognitive behaviour therapy case studies /
Normal view MARC view ISBD view

Cognitive behaviour therapy case studies / (Record no. 25661)

[ view plain ]
MARC details
000 -LEADER
fixed length control field 00792nam a22002417a 4500
005 - DATE AND TIME OF LATEST TRANSACTION
control field 20140310183633.0
008 - FIXED-LENGTH DATA ELEMENTS--GENERAL INFORMATION
fixed length control field 131123b xxu||||| |||| 00| 0 eng d
020 ## - INTERNATIONAL STANDARD BOOK NUMBER
International Standard Book Number 9780857020765
050 ## - LIBRARY OF CONGRESS CALL NUMBER
Classification number RC 489.C63
Item number .T454 2012
100 ## - MAIN ENTRY--PERSONAL NAME
Personal name Thomas, Mike
245 ## - TITLE STATEMENT
Title Cognitive behaviour therapy case studies /
Statement of responsibility, etc Mike Thomas and Mandy Drake.
260 ## - PUBLICATION, DISTRIBUTION, ETC. (IMPRINT)
Place of publication, distribution, etc Los Angeles :
Name of publisher, distributor, etc SAGE,
Date of publication, distribution, etc 2012.
300 ## - PHYSICAL DESCRIPTION
Extent 252 p. :
Other physical details ill. ;
Dimensions 25 cm.
504 ## - BIBLIOGRAPHY, ETC. NOTE
Bibliography, etc Includes Bibliographic References and Index.
521 ## - TARGET AUDIENCE NOTE
Target audience note
650 ## - SUBJECT ADDED ENTRY--TOPICAL TERM
Topical term or geographic name as entry element Cognitive Therapy
Form subdivision methods
General subdivision Case Reports.
650 ## - SUBJECT ADDED ENTRY--TOPICAL TERM
Topical term or geographic name as entry element Mental Disorders
Form subdivision therapy
General subdivision Case Reports.
650 ## - SUBJECT ADDED ENTRY--TOPICAL TERM
Topical term or geographic name as entry element Cognitive therapy
General subdivision Case studies.
700 ## - ADDED ENTRY--PERSONAL NAME
Personal name Thomas, Mike.
Relator term editor
700 ## - ADDED ENTRY--PERSONAL NAME
Personal name Drake, Mandy.
Relator term editory
942 ## - ADDED ENTRY ELEMENTS (KOHA)
Source of classification or shelving scheme Library of Congress Classification
Koha item type Books
Call number prefix Foreign
Holdings
Withdrawn status Lost status Source of classification or shelving scheme Damaged status Home library Current library Shelving location Date acquired Total Checkouts Total Renewals Full call number Barcode Date last seen Date checked out Copy number Price effective from Koha item type
    Library of Congress Classification   College Library College Library Reserve Section 11/23/2013 2 29 RC 489.C63 .T454 2012 C17186 02/26/2026 02/20/2026 1 11/23/2013 Books

Cognitive behaviour therapy case studies /

APA

Thomas M., Thomas M. & Drake M. (2012). Cognitive behaviour therapy case studies. Los Angeles: SAGE.

Chicago

Thomas Mike, Thomas Mike and Drake Mandy. 2012. Cognitive behaviour therapy case studies. Los Angeles: SAGE.

Harvard

Thomas M., Thomas M. and Drake M. (2012). Cognitive behaviour therapy case studies. Los Angeles: SAGE.

MLA

Thomas Mike, Thomas Mike and Drake Mandy. Cognitive behaviour therapy case studies. Los Angeles: SAGE. 2012.

  • Place hold
  • Print
  • Cite
  • Add to your cart (remove)
  • Save record
    BIBTEX Dublin Core MARCXML MARC (non-Unicode/MARC-8) MARC (Unicode/UTF-8) MARC (Unicode/UTF-8, Standard) MODS (XML) RIS
  • More searches
    Search for this title in:
    Other Libraries (WorldCat) Other Databases (Google Scholar) Online Stores (Bookfinder.com) Open Library (openlibrary.org)

Exporting to Dublin Core...

SOUTHVILLE LIBRARY

Southville International School and Colleges Library

1281 Tropical Ave. Cor. Luxembourg St., BF Homes International, Las Pinas City

Tel. No. 8256374 / 252358 Loc. 117/146

Powered by Koha